| 000 | 00958nam a22002657a 4500 | ||
|---|---|---|---|
| 001 | BR0503000 | ||
| 003 | BR-BrBNA | ||
| 005 | 20230928101912.0 | ||
| 007 | ta | ||
| 008 | 230509b bl.||||| |||| 00| 0 por d | ||
| 040 |
_aBR-BrBNA _bpor _cBiblioteca Nacional de Agricultura |
||
| 041 | _a(Eng, Por) | ||
| 072 | _aE40 | ||
| 090 | _ E40 BR0503000 | ||
| 110 | 1 | _aOrganização das Cooperativas Brasileiras, Brasília, DF (Brasil) | |
| 110 | 1 |
_aServiço Nacional de Aprendizagem do Cooperativismo, Brasília, DF (Brasil) _99445 |
|
| 111 | 1 |
_a2 Seminario Tendencias do Cooperativismo Contenporaneo _cRecife, PE (Brazil) _d15-18 Dec 2003 |
|
| 245 | 1 |
_aO cooperativismo que une é o mesmo que abre fronteiras. 2 Seminario Tendencias do Cooperativismo Contemporaneo _b(CD-ROM) |
|
| 260 | 3 |
_aBrasília, DF (Brasil): _c2003. |
|
| 300 | _a1 cd rom | ||
| 650 | _aCOOPERATIVA | ||
| 650 | _aCOOPERATIVISMO | ||
| 909 |
_a202309 _bLucia _c55 _dLucia Elande |
||
| 942 | _cBK | ||
| 999 |
_c68137 _d68137 |
||